| 000 | 00907nam a22003137a 4500 | ||
|---|---|---|---|
| 001 | BR9802378 | ||
| 003 | BR-BrBNA | ||
| 005 | 20230928095914.0 | ||
| 007 | ta | ||
| 008 | 230509b bl.||||| |||| 00| 0 por d | ||
| 040 |
_aBR-BrBNA _bpor _cBiblioteca Nacional de Agricultura |
||
| 041 | _a(Por) | ||
| 072 | _aP32; P33; P30 | ||
| 090 | _ P32 BR9802378 | ||
| 110 | 1 |
_aComissao Executiva do Plano da Lavoura Cacaueira, Ilheus, BA (Brasil). Centro de Pesquisas do cacau _92109 |
|
| 245 | 1 | _aGuia da exursao tecnica: solos coesos de tabuleiros costeiros | |
| 260 | 3 |
_aIlheus, BA (Brasil): _c1998. |
|
| 300 | _a84 p. | ||
| 650 | _aSolo | ||
| 650 | _aPerfil do Solo | ||
| 650 | _aClassificacao do Solo | ||
| 650 | _aFisica do Solo | ||
| 650 | _aGeomorfologia | ||
| 650 | _aQuimica do Solo | ||
| 650 | _aManejo do Solo | ||
| 650 | _aBahia | ||
| 909 |
_a202309 _bLucia _c55 _dLucia Elande |
||
| 942 | _cBK | ||
| 999 |
_c59323 _d59323 |
||